| 000 | 01653nam a2200433 i 4500 | ||
|---|---|---|---|
| 001 | 39178 | ||
| 003 | KOSZ 005 | ||
| 005 | 20220706084133.0 | ||
| 008 | 100701s1998 pl |100 0 pol | ||
| 015 | _aPB 1999/9797 | ||
| 020 | _a8387832073 | ||
| 040 |
_aWA N _cWA N _dKOSZ 005/HR |
||
| 041 | 0 | _apol | |
| 046 | _k1998 | ||
| 080 | _a327(438)"1989/..." | ||
| 080 | _a327.51 | ||
| 080 | _a355.3 | ||
| 080 | _a061.1(100-622) | ||
| 080 | _a(06) | ||
| 245 | 0 | 0 |
_aPolityczne aspekty członkostwa Polski w NATO / _cpraca pod red. Erharda Cziomera ; [Fundacja "Międzynarodowe Centrum Rozwoju Demokracji", Friedrich Ebert Stiftung. Przedstawicielstwo w Polsce]. |
| 260 |
_aKraków : _bF"MCRD", _c1998. |
||
| 300 |
_a146, [8] s. ; _c21 cm. |
||
| 380 | _aKsiążki | ||
| 388 | _a1901-2000 | ||
| 388 | _a1989-2000 | ||
| 490 | 1 |
_aZeszyty / Fundacja "Międzynarodowe Centrum Rozwoju Demokracji" ; _vz. 36. |
|
| 500 | _aMateriały z konferencji, Kraków, 17-18.10.1998. | ||
| 610 | 2 | 4 | _aNATO |
| 651 | 4 | _aPolska | |
| 655 | 4 | _aMateriały konferencyjne | |
| 658 | _aBezpieczeństwo i wojskowość | ||
| 658 | _aPolityka, politologia, administracja publiczna | ||
| 700 | 1 |
_aCziomer, Erhard _d(1940-2020) _eRedakcja |
|
| 710 | 2 | _aMiędzynarodowe Centrum Rozwoju Demokracji | |
| 710 | 2 | _aPrzedstawicielstwo w Polsce (Fundacja im. Friedricha Eberta) | |
| 830 | 0 |
_aZeszyty Fundacji "Międzynarodowe Centrum Rozwoju Demokracji" _vz. 36 |
|
| 856 |
_uhttp://koha.tu.koszalin.pl/cgi-bin/koha/opac-detail.pl?biblionumber=39178 _yKatalog online BPK |
||
| 942 |
_2UKD _cKS |
||
| 999 |
_c39178 _d39178 |
||